000 00837nas a2200277 4500
001 BR0204768
003 BR-BrBNA
005 20231205103244.0
007 ta
008 230509b bl.|||p| |||| 00| 00por d
040 _aBR-BrBNA
_bpor
_cBiblioteca Nacional de Agricultura
041 _a(Pt)
072 _aK50
100 1 _aCamargos, J.A.A.
100 1 _aGonçalez, J.C.
245 1 _aA colorimetria aplicada como instrumento na elaboração de uma tabela de cores de madeira
650 _aMADEIRA
650 _aCOLORIMETRIA
650 _aESPECTROFOTOMETRIA
650 _aNOMENCLATURA
650 _aMÉTODO ESTATÍSTICO
650 _aDISTRITO FEDERAL
773 0 _tBrasil Florestal (Brazil)
_xISSN 0045-270X
_g(Sep 2001), v. 20(71) p. 30-41
_wBR0204768
909 _a202311
_bLúcia
_c55
_dLúcia Elande
942 _2AGRIS
_n0
_cANA
999 _c171915
_d171915